Memorias de la Real Academia de la Historia. (Record no. 170543)
[ view plain ]
| 000 -LEADER | |
|---|---|
| campo de control de longitud fija | 01444nam a2200181 i 4500 |
| 001 - NÚMERO DE CONTROL | |
| campo de control | 170543 |
| 003 - IDENTIFICADOR DE NÚMERO DE CONTROL | |
| campo de control | ES-MaACL |
| 005 - FECHA Y HORA DE LA ÚLTIMA TRANSACCIÓN | |
| campo de control | 20230906214407.0 |
| 008 - DATOS DE LONGITUD FIJA--INFORMACIÓN GENERAL | |
| campo de control de longitud fija | 090313s1805 sp |||| | spa d |
| 245 00 - MENCIÓN DEL TÍTULO | |
| Título | Memorias de la Real Academia de la Historia. |
| Número de parte o sección de la obra | Tomo IV. |
| 260 ## - PUBLICACIÓN, DISTRIBUCIÓN, ETC. | |
| Lugar de publicación, distribución, etc. | Madrid : |
| Nombre del editor, distribuidor, etc. | [s.n.], |
| Fecha de publicación, distribución, etc. | 1805 ( |
| Fabricante | Imprenta de Sancha) |
| 300 ## - DESCRIPCIÓN FÍSICA | |
| Extensión | XXXVIII, 26, 63, VIII, 85, 84, 34, 73 p. ; |
| Dimensiones | 25 cm. |
| 505 8# - NOTA DE CONTENIDO CON FORMATO | |
| Nota de contenido con formato | Contiene: Noticia histórica de la Academia desde el mes de Agosto de 1796 hasta el de Julio de 1802 ... / por Josef Cornide (P. I-XXIV) ; Catálogo de los Señores Individuos de la Real Academia de la Historia (P. XXV-XXXVIII) ; Elogio historico del Cardenal Don Frai Francisco Gimenez de Cisneros ... / por Vicente González Arnao (25 p.) ; Ensayo histórico-crítico sobre el origen y progresos de las lenguas del romance en Castellano / por Francisco Martinez Marina (63 p.) ; Catálogo de algunas voces castellanas (VIII, 85 p.) ; Discurso histórico sobre el origen y succesion del reyno pirenaico hasta Don Sancho el mayor ... / Joaquin Traggia (84 p.) ; Nueva demostracion sobre la falsedad del privilegio ... / por Joaquin Antonio del Camino (34 p.) ; Discurso sobre ... artilleria ... / por Don Vicente de los Rios (65 p.) |
| 610 24 - PUNTO DE ACCESO ADICIONAL DE MATERIA--NOMBRE DE ENTIDAD CORPORATIVA | |
| Nombre de entidad corporativa o nombre de jurisdicción como elemento de entrada | Real Academia de la Historia (España)- |
| Subdivisión de forma | Memorias. |
| 9 (RLIN) | 152005 |
| 651 #4 - PUNTO DE ACCESO ADICIONAL DE MATERIA--NOMBRE GEOGRÁFICO | |
| Nombre geográfico | España- |
| Subdivisión general | Historia. |
| 9 (RLIN) | 8209 |
| 710 2# - ENTRADA AGREGADA--NOMBRE DE ENTIDAD CORPORATIVA | |
| Nombre de entidad corporativa o nombre de jurisdicción como elemento de entrada | Real Academia de la Historia (España) |
| 9 (RLIN) | 6309 |
| 852 ## - LOCALIZACIÓN | |
| Ubicación | ES-MaACL |
| Número de control de estantería | R-2763 |
| Estatus retirado | Estado de pérdida | Estado de daño | No para préstamo | Colección | Biblioteca de origen | Biblioteca actual | Ubicación en estantería | Fecha de adquisición | Fuente de adquisición | Total de préstamos | Signatura topográfica completa | Código de barras | Visto por última vez | Precio de reemplazo | Tipo de ítem Koha |
|---|---|---|---|---|---|---|---|---|---|---|---|---|---|---|---|
| Libros del s. XIX | Biblioteca del Ateneo de Madrid | Biblioteca del Ateneo de Madrid | Depósito | 13/03/2009 | R-2763 | 1178974 | 23/02/2023 | 23/02/2023 | Libro impreso antiguo |
